載入...

Bank Clerical Examination

書目詳細資料
主要作者: Unique Research Academy
格式: Printed Book
出版: New Delhi Unique Publishers 2011
主題:
LEADER 00501nam a22001457a 4500
020 |a 81-8357-160-3 
082 |a 332 URA/BA 
100 |a Unique Research Academy 
245 |a Bank Clerical Examination 
260 |a New Delhi  |b Unique Publishers  |c 2011 
300 |a 84 
650 |a general awareness  |a general english  |a general english 
942 |c BK 
999 |c 168786  |d 168786 
952 |0 0  |1 0  |4 0  |6 332_000000000000000_URA_BA  |7 0  |9 173613  |a KAUCOAP  |b KAUCOAP  |d 2016-02-25  |o 332 URA/BA  |p KAU_COAP06112  |r 2016-02-25  |w 2016-02-25  |y BK